[Event "Priit Leito Memorial Tournament"]
[Site "Tallinn, Paul Keres Chess House, Estonia"]
[Date "2023.02.04"]
[Round "9.4"]
[White "Kukk, Sander"]
[Black "Shvyrjov, Igor"]
[Result "1-0"]
[TimeControl " Rapid: 15 minutes for game with 3 seconds increment from move 1"]
[BlackTitle "GM"]
[WhiteElo "2205"]
[BlackElo "2282"]

1. b3 {

[%clk 00:15:03]

} {

[%emt 00:00:01]

} Nf6 {

[%clk 00:15:04]

} {

[%emt 00:00:04]

} 2. Bb2 {

[%clk 00:15:04]

} {

[%emt 00:00:02]

} g6 {

[%clk 00:15:05]

} {

[%emt 00:00:02]

} 3. e3 {

[%clk 00:15:05]

} {

[%emt 00:00:02]

} Bg7 {

[%clk 00:15:07]

} {

[%emt 00:00:02]

} 4. Nf3 {

[%clk 00:15:06]

} {

[%emt 00:00:02]

} d6 {

[%clk 00:15:08]

} {

[%emt 00:00:03]

} 5. d4 {

[%clk 00:15:05]

} {

[%emt 00:00:04]

} O-O {

[%clk 00:15:09]

} {

[%emt 00:00:02]

} 6. Nbd2 {

[%clk 00:15:06]

} {

[%emt 00:00:02]

} Bg4 {

[%clk 00:15:04]

} {

[%emt 00:00:08]

} 7. Be2 {

[%clk 00:15:07]

} {

[%emt 00:00:02]

} c6 {

[%clk 00:15:00]

} {

[%emt 00:00:06]

} 8. O-O {

[%clk 00:15:05]

} {

[%emt 00:00:05]

} Nbd7 {

[%clk 00:15:02]

} {

[%emt 00:00:02]

} 9. h3 {

[%clk 00:15:06]

} {

[%emt 00:00:02]

} Bxf3 {

[%clk 00:15:01]

} {

[%emt 00:00:04]

} 10. Bxf3 {

[%clk 00:14:59]

} {

[%emt 00:00:10]

} Re8 {

[%clk 00:15:01]

} {

[%emt 00:00:04]

} 11. a4 {

[%clk 00:14:36]

} {

[%emt 00:00:26]

} e5 {

[%clk 00:14:12]

} {

[%emt 00:00:52]

} 12. dxe5 {

[%clk 00:13:53]

} {

[%emt 00:00:46]

} Nxe5 {

[%clk 00:14:12]

} {

[%emt 00:00:02]

} 13. Be2 {

[%clk 00:13:54]

} {

[%emt 00:00:02]

} d5 {

[%clk 00:14:10]

} {

[%emt 00:00:06]

} 14. Nf3 {

[%clk 00:12:59]

} {

[%emt 00:00:58]

} Nxf3+ {

[%clk 00:13:49]

} {

[%emt 00:00:24]

} 15. Bxf3 {

[%clk 00:13:00]

} {

[%emt 00:00:02]

} Qe7 {

[%clk 00:13:47]

} {

[%emt 00:00:06]

} 16. Qd3 {

[%clk 00:12:27]

} {

[%emt 00:00:35]

} Rad8 {

[%clk 00:13:40]

} {

[%emt 00:00:10]

} 17. Rad1 {

[%clk 00:12:19]

} {

[%emt 00:00:11]

} a6 {

[%clk 00:12:57]

} {

[%emt 00:00:46]

} 18. c4 {

[%clk 00:10:03]

} {

[%emt 00:02:18]

} dxc4 {

[%clk 00:12:55]

} {

[%emt 00:00:06]

} 19. Qxc4 {

[%clk 00:10:05]

} {

[%emt 00:00:02]

} Rxd1 {

[%clk 00:12:16]

} {

[%emt 00:00:42]

} 20. Rxd1 {

[%clk 00:09:56]

} {

[%emt 00:00:11]

} Rd8 {

[%clk 00:12:04]

} {

[%emt 00:00:15]

} 21. b4 {

[%clk 00:08:51]

} {

[%emt 00:01:08]

} Rxd1+ {

[%clk 00:10:45]

} {

[%emt 00:01:22]

} 22. Bxd1 {

[%clk 00:08:52]

} {

[%emt 00:00:02]

} Nd5 {

[%clk 00:09:59]

} {

[%emt 00:00:49]

} 23. Bxg7 {

[%clk 00:08:37]

} {

[%emt 00:00:19]

} Kxg7 {

[%clk 00:10:00]

} {

[%emt 00:00:01]

} 24. b5 {

[%clk 00:08:14]

} {

[%emt 00:00:26]

} axb5 {

[%clk 00:09:48]

} {

[%emt 00:00:15]

} 25. axb5 {

[%clk 00:08:16]

} {

[%emt 00:00:01]

} Qf6 {

[%clk 00:04:43]

} {

[%emt 00:05:08]

} 26. Bf3 {

[%clk 00:06:31]

} {

[%emt 00:01:48]

} Qa1+ {

[%clk 00:03:23]

} {

[%emt 00:01:23]

} 27. Kh2 {

[%clk 00:06:32]

} {

[%emt 00:00:01]

} Qe5+ {

[%clk 00:03:24]

} {

[%emt 00:00:02]

} 28. g3 {

[%clk 00:06:32]

} {

[%emt 00:00:03]

} Nb6 {

[%clk 00:03:16]

} {

[%emt 00:00:11]

} 29. Qb4 {

[%clk 00:05:09]

} {

[%emt 00:01:26]

} c5 {

[%clk 00:02:11]

} {

[%emt 00:01:08]

} 30. Qe4 {

[%clk 00:04:01]

} {

[%emt 00:01:11]

} Qxe4 {

[%clk 00:01:24]

} {

[%emt 00:00:51]

} 31. Bxe4 {

[%clk 00:04:02]

} f5 {

[%clk 00:01:26]

} 32. Bxb7 {

[%clk 00:03:47]

} {

[%emt 00:00:18]

} c4 {

[%clk 00:01:28]

} {

[%emt 00:00:01]

} 33. Bf3 {

[%clk 00:03:49]

} c3 {

[%clk 00:01:29]

} {

[%emt 00:00:03]

} 34. Bd1 {

[%clk 00:03:50]

} Kf6 {

[%clk 00:01:30]

} {

[%emt 00:00:02]

} 35. Kg2 {

[%clk 00:01:05]

} {

[%emt 00:02:48]

} Ke5 {

[%clk 00:01:27]

} {

[%emt 00:00:06]

} 36. Bc2 {

[%clk 00:00:58]

} {

[%emt 00:00:10]

} Nc4 {

[%clk 00:01:27]

} {

[%emt 00:00:04]

} 37. Kf3 {

[%clk 00:00:27]

} {

[%emt 00:00:34]

} Na3 {

[%clk 00:01:27]

} {

[%emt 00:00:02]

} 38. Bb3 {

[%clk 00:00:29]

} {

[%emt 00:00:01]

} Nxb5 {

[%clk 00:01:26]

} {

[%emt 00:00:04]

} 39. Ke2 {

[%clk 00:00:28]

} {

[%emt 00:00:03]

} h5 {

[%clk 00:00:35]

} {

[%emt 00:00:54]

} 40. h4 {

[%clk 00:00:28]

} {

[%emt 00:00:03]

} Nd6 {

[%clk 00:00:37]

} {

[%emt 00:00:01]

} 41. f3 {

[%clk 00:00:26]

} {

[%emt 00:00:06]

} Kf6 {

[%clk 00:00:33]

} {

[%emt 00:00:07]

} 42. Kd3 {

[%clk 00:00:28]

} {

[%emt 00:00:01]

} g5 {

[%clk 00:00:35]

} 43. hxg5+ {

[%clk 00:00:09]

} {

[%emt 00:00:22]

} Kxg5 {

[%clk 00:00:37]

} 44. Kxc3 {

[%clk 00:00:11]

} {

[%emt 00:00:01]

} Kf6 {

[%clk 00:00:19]

} {

[%emt 00:00:22]

} 45. Kd4 {

[%clk 00:00:12]

} {

[%emt 00:00:02]

} Nb5+ {

[%clk 00:00:20]

} {

[%emt 00:00:01]

} 46. Kc5 {

[%emt 00:00:06]

} Nc3 {

[%clk 00:00:20]

} 47. Bc4 {

[%clk 00:00:09]

} {

[%emt 00:00:06]

} Ke5 {

[%clk 00:00:18]

} {

[%emt 00:00:05]

} 48. Bd3 {

[%clk 00:00:10]

} {

[%emt 00:00:02]

} Nd1 {

[%clk 00:00:15]

} {

[%emt 00:00:06]

} 49. f4 {

[%clk 00:00:11]

} {

[%emt 00:00:02]

} Kf6 {

[%clk 00:00:17]

} 50. Kd4 {

[%clk 00:00:13]

} {

[%emt 00:00:01]

} Nf2 {

[%clk 00:00:18]

} {

[%emt 00:00:03]

} 51. Be2 {

[%clk 00:00:14]

} {

[%emt 00:00:02]

} Ne4 {

[%clk 00:00:19]

} {

[%emt 00:00:02]

} 52. Bxh5 {

[%emt 00:00:02]

} Nxg3 {

[%clk 00:00:21]

} 53. Bf3 {

[%clk 00:00:15]

} {

[%emt 00:00:03]

} Nf1 {

[%clk 00:00:20]

} {

[%emt 00:00:04]

} 54. Kd3 {

[%clk 00:00:15]

} {

[%emt 00:00:03]

} Ng3 {

[%clk 00:00:17]

} {

[%emt 00:00:07]

} 55. Kd2 {

[%clk 00:00:15]

} {

[%emt 00:00:03]

} Kg6 {

[%clk 00:00:14]

} {

[%emt 00:00:06]

} 56. Ke1 {

[%clk 00:00:16]

} {

[%emt 00:00:02]

} Nh5 {

[%clk 00:00:14]

} {

[%emt 00:00:03]

} 57. Bxh5+ {

[%clk 00:00:18]

} {

[%emt 00:00:01]

} Kxh5 {

[%clk 00:00:16]

} 58. Ke2 {

[%clk 00:00:16]

} {

[%emt 00:00:05]

} Kg4 {

[%clk 00:00:17]

} {

[%emt 00:00:02]

} 59. Kd3 {

[%clk 00:00:18]

} {

[%emt 00:00:01]

} Kh5 {

[%clk 00:00:14]

} {

[%emt 00:00:06]

} 60. Kd4 {

[%clk 00:00:20]

} Kg6 {

[%clk 00:00:08]

} {

[%emt 00:00:09]

} 61. Ke5 {

[%clk 00:00:22]

} {

[%emt 00:00:01]

} 1-0

[Event "Priit Leito Memorial Tournament"]
[Site "Tallinn, Paul Keres Chess House, Estonia"]
[Date "2023.02.04"]
[Round "9.5"]
[White "Sinitsina, Anastassia"]
[Black "Valner, Uku"]
[Result "1-0"]
[TimeControl " Rapid: 15 minutes for game with 3 seconds increment from move 1"]
[WhiteTitle "WFM"]
[BlackTitle "FM"]
[WhiteElo "2164"]
[BlackElo "2209"]

1. e4 {

[%clk 00:15:03]

} {

[%emt 00:00:02]

} e6 {

[%clk 00:15:05]

} {

[%emt 00:00:01]

} 2. d3 {

[%clk 00:14:59]

} {

[%emt 00:00:07]

} c5 {

[%clk 00:14:58]

} {

[%emt 00:00:10]

} 3. Nf3 {

[%clk 00:15:00]

} {

[%emt 00:00:02]

} Nc6 {

[%clk 00:14:52]

} {

[%emt 00:00:09]

} 4. g3 {

[%clk 00:15:02]

} {

[%emt 00:00:01]

} d6 {

[%clk 00:14:13]

} {

[%emt 00:00:41]

} 5. Bg2 {

[%clk 00:15:03]

} {

[%emt 00:00:02]

} g6 {

[%clk 00:14:14]

} {

[%emt 00:00:02]

} 6. O-O {

[%clk 00:15:04]

} {

[%emt 00:00:02]

} Bg7 {

[%clk 00:14:16]

} {

[%emt 00:00:01]

} 7. c3 {

[%clk 00:15:02]

} {

[%emt 00:00:06]

} Nge7 {

[%clk 00:14:14]

} {

[%emt 00:00:04]

} 8. Nbd2 {

[%clk 00:14:53]

} {

[%emt 00:00:12]

} Rb8 {

[%clk 00:13:36]

} {

[%emt 00:00:41]

} 9. a4 {

[%clk 00:14:47]

} {

[%emt 00:00:09]

} a6 {

[%clk 00:13:36]

} {

[%emt 00:00:02]

} 10. Qe2 {

[%clk 00:14:43]

} {

[%emt 00:00:07]

} O-O {

[%clk 00:13:17]

} {

[%emt 00:00:21]

} 11. Re1 {

[%clk 00:14:33]

} {

[%emt 00:00:14]

} b5 {

[%clk 00:13:11]

} {

[%emt 00:00:09]

} 12. axb5 {

[%clk 00:14:34]

} {

[%emt 00:00:02]

} axb5 {

[%clk 00:13:13]

} {

[%emt 00:00:01]

} 13. Nb3 {

[%clk 00:13:32]

} {

[%emt 00:01:05]

} Qc7 {

[%clk 00:11:12]

} {

[%emt 00:02:04]

} 14. d4 {

[%clk 00:11:40]

} {

[%emt 00:01:55]

} b4 {

[%clk 00:10:27]

} {

[%emt 00:00:47]

} 15. Qc2 {

[%clk 00:09:52]

} {

[%emt 00:01:51]

} bxc3 {

[%clk 00:09:48]

} {

[%emt 00:00:42]

} 16. bxc3 {

[%clk 00:09:52]

} {

[%emt 00:00:03]

} cxd4 {

[%clk 00:08:42]

} {

[%emt 00:01:08]

} 17. cxd4 {

[%clk 00:09:52]

} {

[%emt 00:00:03]

} Qb6 {

[%clk 00:08:34]

} {

[%emt 00:00:11]

} 18. Ra3 {

[%clk 00:08:18]

} {

[%emt 00:01:38]

} Nb4 {

[%clk 00:08:01]

} {

[%emt 00:00:36]

} 19. Qd1 {

[%clk 00:07:01]

} {

[%emt 00:01:20]

} Ba6 {

[%clk 00:07:36]

} {

[%emt 00:00:27]

} 20. Na1 {

[%clk 00:06:27]

} {

[%emt 00:00:38]

} Rfc8 {

[%clk 00:06:45]

} {

[%emt 00:00:54]

} 21. Be3 {

[%clk 00:06:23]

} {

[%emt 00:00:07]

} Qb7 {

[%clk 00:04:13]

} {

[%emt 00:02:34]

} 22. Bf4 {

[%clk 00:06:11]

} {

[%emt 00:00:16]

} Qb6 {

[%clk 00:03:28]

} {

[%emt 00:00:49]

} 23. Qd2 {

[%clk 00:06:01]

} {

[%emt 00:00:13]

} Bc4 {

[%clk 00:02:48]

} {

[%emt 00:00:43]

} 24. h4 {

[%clk 00:05:51]

} {

[%emt 00:00:13]

} Rb7 {

[%clk 00:02:17]

} {

[%emt 00:00:33]

} 25. Rb1 {

[%clk 00:05:10]

} {

[%emt 00:00:44]

} d5 {

[%clk 00:01:03]

} {

[%emt 00:01:17]

} 26. Nc2 {

[%clk 00:04:55]

} {

[%emt 00:00:19]

} Nec6 {

[%clk 00:00:58]

} {

[%emt 00:00:08]

} 27. Bd6 {

[%clk 00:03:15]

} {

[%emt 00:01:42]

} Bf8 {

[%clk 00:00:49]

} {

[%emt 00:00:12]

} 28. Bxf8 {

[%clk 00:03:07]

} {

[%emt 00:00:11]

} Rxf8 {

[%clk 00:00:17]

} {

[%emt 00:00:34]

} 29. Ne5 {

[%clk 00:02:37]

} {

[%emt 00:00:33]

} Rfb8 {

[%clk 00:00:04]

} {

[%emt 00:00:17]

} 30. Nxc6 {

[%clk 00:02:25]

} {

[%emt 00:00:15]

} Qxc6 {

[%clk 00:00:04]

} {

[%emt 00:00:03]

} 31. Rxb4 {

[%clk 00:02:21]

} {

[%emt 00:00:07]

} Rxb4 {

[%clk 00:00:04]

} {

[%emt 00:00:03]

} 32. Nxb4 {

[%clk 00:02:22]

} {

[%emt 00:00:02]

} Qd6 {

[%clk 00:00:06]

} 33. Nc2 {

[%clk 00:02:12]

} {

[%emt 00:00:13]

} Rb2 {

[%clk 00:00:07]

} {

[%emt 00:00:04]

} 34. Ra8+ {

[%clk 00:01:20]

} {

[%emt 00:00:59]

} Kg7 {

[%clk 00:00:09]

} 35. e5 {

[%emt 00:00:02]

} Qe7 {

[%clk 00:00:04]

} {

[%emt 00:00:07]

} 36. Qc3 {

[%clk 00:01:15]

} {

[%emt 00:00:09]

} Rb3 {

[%clk 00:00:05]

} {

[%emt 00:00:02]

} 37. Qa5 {

[%clk 00:01:02]

} {

[%emt 00:00:16]

} Rb2 {

[%clk 00:00:04]

} {

[%emt 00:00:03]

} 38. Ne3 {

[%clk 00:00:56]

} {

[%emt 00:00:09]

} Bd3 {

[%clk 00:00:06]

} {

[%emt 00:00:02]

} 39. Ng4 {

[%clk 00:00:51]

} {

[%emt 00:00:08]

} Qb7 {

[%emt 00:00:06]

} 1-0

[Event "Priit Leito Memorial Tournament"]
[Site "Tallinn, Paul Keres Chess House, Estonia"]
[Date "2023.02.04"]
[Round "9.6"]
[White "Chukavin, Kirill"]
[Black "Timoshin, Andrei"]
[Result "1-0"]
[TimeControl " Rapid: 15 minutes for game with 3 seconds increment from move 1"]
[WhiteTitle "FM"]
[WhiteElo "2375"]
[BlackElo "2094"]

1. e4 {

[%clk 00:15:04]

} {

[%emt 00:00:02]

} e5 {

[%clk 00:15:05]

} {

[%emt 00:00:02]

} 2. Nf3 {

[%clk 00:15:03]

} {

[%emt 00:00:03]

} Nf6 {

[%clk 00:15:06]

} {

[%emt 00:00:02]

} 3. Nxe5 {

[%clk 00:14:53]

} {

[%emt 00:00:13]

} d6 {

[%clk 00:15:07]

} {

[%emt 00:00:02]

} 4. Nf3 {

[%clk 00:14:54]

} {

[%emt 00:00:02]

} Nxe4 {

[%clk 00:15:08]

} {

[%emt 00:00:02]

} 5. Bd3 {

[%clk 00:14:56]

} {

[%emt 00:00:01]

} Nf6 {

[%clk 00:13:29]

} {

[%emt 00:01:42]

} 6. O-O {

[%clk 00:14:54]

} {

[%emt 00:00:05]

} Be7 {

[%clk 00:13:31]

} {

[%emt 00:00:02]

} 7. c3 {

[%clk 00:13:28]

} {

[%emt 00:01:30]

} O-O {

[%clk 00:13:22]

} {

[%emt 00:00:11]

} 8. Bc2 {

[%clk 00:13:29]

} {

[%emt 00:00:02]

} Bg4 {

[%clk 00:13:17]

} {

[%emt 00:00:08]

} 9. d4 {

[%clk 00:13:28]

} {

[%emt 00:00:03]

} Re8 {

[%clk 00:12:15]

} {

[%emt 00:01:06]

} 10. Re1 {

[%clk 00:13:13]

} {

[%emt 00:00:18]

} Nbd7 {

[%clk 00:11:59]

} {

[%emt 00:00:19]

} 11. Nbd2 {

[%clk 00:13:03]

} {

[%emt 00:00:13]

} Nf8 {

[%clk 00:11:52]

} {

[%emt 00:00:10]

} 12. Nf1 {

[%clk 00:12:58]

} {

[%emt 00:00:08]

} Ng6 {

[%clk 00:10:26]

} {

[%emt 00:01:29]

} 13. h3 {

[%clk 00:12:46]

} {

[%emt 00:00:15]

} Bd7 {

[%clk 00:10:14]

} {

[%emt 00:00:14]

} 14. Ng3 {

[%clk 00:12:39]

} {

[%emt 00:00:10]

} Bf8 {

[%clk 00:09:53]

} {

[%emt 00:00:24]

} 15. Rxe8 {

[%clk 00:12:35]

} {

[%emt 00:00:08]

} Qxe8 {

[%clk 00:09:38]

} {

[%emt 00:00:19]

} 16. Bg5 {

[%clk 00:12:30]

} {

[%emt 00:00:07]

} Be7 {

[%clk 00:09:37]

} {

[%emt 00:00:04]

} 17. Qd3 {

[%clk 00:11:50]

} {

[%emt 00:00:44]

} h6 {

[%clk 00:07:24]

} {

[%emt 00:02:15]

} 18. Bd2 {

[%clk 00:11:45]

} {

[%emt 00:00:08]

} Qf8 {

[%clk 00:06:11]

} {

[%emt 00:01:16]

} 19. c4 {

[%clk 00:10:21]

} {

[%emt 00:01:27]

} Re8 {

[%clk 00:05:45]

} {

[%emt 00:00:29]

} 20. d5 {

[%clk 00:10:15]

} {

[%emt 00:00:10]

} Bc8 {

[%clk 00:05:13]

} {

[%emt 00:00:34]

} 21. Bc3 {

[%clk 00:09:40]

} {

[%emt 00:00:38]

} Nd7 {

[%clk 00:04:46]

} {

[%emt 00:00:30]

} 22. Nh5 {

[%clk 00:09:26]

} {

[%emt 00:00:17]

} Nf6 {

[%clk 00:02:50]

} {

[%emt 00:02:00]

} 23. Bxf6 {

[%clk 00:09:13]

} {

[%emt 00:00:16]

} Bxf6 {

[%clk 00:02:49]

} {

[%emt 00:00:04]

} 24. Nxf6+ {

[%clk 00:09:13]

} {

[%emt 00:00:04]

} gxf6 {

[%clk 00:02:50]

} {

[%emt 00:00:02]

} 25. Nh4 {

[%clk 00:07:31]

} {

[%emt 00:01:45]

} Qg7 {

[%clk 00:02:06]

} {

[%emt 00:00:47]

} 26. Nxg6 {

[%clk 00:07:32]

} {

[%emt 00:00:02]

} fxg6 {

[%clk 00:01:57]

} {

[%emt 00:00:12]

} 27. Qxg6 {

[%clk 00:07:32]

} {

[%emt 00:00:03]

} Qxg6 {

[%clk 00:01:58]

} {

[%emt 00:00:02]

} 28. Bxg6 {

[%clk 00:07:33]

} {

[%emt 00:00:02]

} Re2 {

[%clk 00:01:52]

} {

[%emt 00:00:09]

} 29. b3 {

[%clk 00:05:00]

} {

[%emt 00:02:36]

} Bd7 {

[%clk 00:01:39]

} {

[%emt 00:00:16]

} 30. Bh5 {

[%clk 00:04:24]

} {

[%emt 00:00:39]

} Rb2 {

[%clk 00:01:26]

} {

[%emt 00:00:16]

} 31. Re1 {

[%clk 00:04:24]

} {

[%emt 00:00:03]

} Kf8 {

[%clk 00:01:26]

} {

[%emt 00:00:02]

} 32. Re2 {

[%clk 00:04:26]

} {

[%emt 00:00:02]

} Rb1+ {

[%clk 00:00:38]

} {

[%emt 00:00:52]

} 33. Kh2 {

[%clk 00:04:28]

} {

[%emt 00:00:01]

} a5 {

[%clk 00:00:36]

} {

[%emt 00:00:05]

} 34. Bg6 {

[%clk 00:03:31]

} {

[%emt 00:01:00]

} Rc1 {

[%clk 00:00:24]

} {

[%emt 00:00:14]

} 35. a4 {

[%clk 00:03:28]

} {

[%emt 00:00:06]

} b6 {

[%clk 00:00:11]

} {

[%emt 00:00:17]

} 36. Re3 {

[%clk 00:03:20]

} {

[%emt 00:00:11]

} Rd1 {

[%clk 00:00:09]

} {

[%emt 00:00:05]

} 37. g4 {

[%clk 00:03:06]

} {

[%emt 00:00:17]

} Rd2 {

[%clk 00:00:09]

} {

[%emt 00:00:03]

} 38. Kg3 {

[%clk 00:03:08]

} {

[%emt 00:00:01]

} Ra2 {

[%clk 00:00:09]

} {

[%emt 00:00:03]

} 39. f3 {

[%clk 00:03:01]

} {

[%emt 00:00:10]

} Ra1 {

[%clk 00:00:08]

} {

[%emt 00:00:04]

} 40. h4 {

[%clk 00:02:57]

} {

[%emt 00:00:07]

} Rg1+ {

[%clk 00:00:06]

} {

[%emt 00:00:04]

} 41. Kf4 {

[%clk 00:02:58]

} {

[%emt 00:00:02]

} Rh1 {

[%clk 00:00:06]

} {

[%emt 00:00:03]

} 42. h5 {

[%clk 00:01:22]

} {

[%emt 00:01:39]

} Rh2 {

[%clk 00:00:07]

} {

[%emt 00:00:02]

} 43. Kg3 {

[%clk 00:00:17]

} {

[%emt 00:01:08]

} Ra2 {

[%clk 00:00:07]

} {

[%emt 00:00:03]

} 44. Kh3 {

[%clk 00:00:14]

} {

[%emt 00:00:06]

} Ra1 {

[%clk 00:00:07]

} {

[%emt 00:00:03]

} 45. Kg2 {

[%clk 00:00:16]

} {

[%emt 00:00:01]

} Ra2+ {

[%clk 00:00:08]

} {

[%emt 00:00:02]

} 46. Kg3 {

[%clk 00:00:18]

} Rd2 {

[%clk 00:00:07]

} {

[%emt 00:00:04]

} 47. Kf4 {

[%clk 00:00:20]

} {

[%emt 00:00:01]

} Rf2 {

[%clk 00:00:04]

} {

[%emt 00:00:06]

} 48. Bf5 {

[%clk 00:00:19]

} {

[%emt 00:00:04]

} Be8 {

[%clk 00:00:06]

} {

[%emt 00:00:01]

} 49. Re6 {

[%clk 00:00:12]

} {

[%emt 00:00:11]

} Rb2 {

[%emt 00:00:06]

} 50. Ke4 {

[%emt 00:00:03]

} 1-0